| 000 | 00834nam a2200217 4500 | ||
|---|---|---|---|
| 001 | 138722 | ||
| 003 | ES-MaACL | ||
| 005 | 20230906195624.0 | ||
| 007 | t| | ||
| 008 | 070214s1984 sp r ||||1| spa d | ||
| 100 | 1 |
_aSantonja, Manuel. _9103453 |
|
| 245 | 1 | 4 |
_aLas industrias paleolíticas de la Maya I en su ámbito regional / _cManuel Santonja y Alfredo Pérez González. |
| 260 |
_a[Madrid] : _bSubdirección General de Arqueología y Etnografía, _c1984. |
||
| 300 |
_a347 p. : _bil. ; _c29 cm + _e2 h. pleg. |
||
| 490 | 1 | _aExcavaciones arqueológicas en España | |
| 700 | 1 |
_aPérez González, Alfredo. _990908 |
|
| 710 | 2 |
_aEspaña. _bSubdirección General de Arqueología y Etnografía. _93710 |
|
| 830 | 0 |
_aExcavaciones arqueológicas en España _9177264 |
|
| 852 |
_aES-MaACL _jL-8087 _bR.108521 |
||
| 999 |
_c138722 _d138722 |
||